South America Countries In Reverse Alphabetical Order - Statistics

General Stats
  • This quiz has been taken 29 times
  • The average score is 11 of 12
Answer Stats
Answer % Correct
Suriname
100%
Uruguay
100%
Venezuela
100%
Paraguay
95%
Peru
95%
Argentina
91%
Brazil
91%
Chile
91%
Ecuador
91%
Guyana
91%
Bolivia
86%
Colombia
86%
No matching quizzes found
Score Distribution
Percent of People with Each Score
Percentile by Number Answered
Your Score History
You have not taken this quiz